| 000 | 00514nam a2200205Ia 4500 | ||
|---|---|---|---|
| 008 | 170918s9999 xx 000 0 und d | ||
| 020 | _a9780746057803 | ||
| 050 | _bB613 2007 | ||
| 100 | _aBingham, Jane | ||
| 245 | 4 | _aThe story of ships / | |
| 245 | _cJane Bingham ; illustrated by Colin King. | ||
| 260 | _aNew York : | ||
| 260 | _bScholastic, | ||
| 260 | _c2007 | ||
| 300 | _a62 pages : | ||
| 300 | _bcolored illustration ; | ||
| 300 | _c20cm. | ||
| 440 | _aUsborne young reading. | ||
| 500 | _a700 | ||
| 999 |
_c341993 _d341993 |
||